000 00472nam a22001697a 4500
005 20251108172856.0
008 250721s2003 xx 000 0 ara d
082 1 4 _a398.6/شاه
100 1 _aالشاهين، جهاد
245 1 0 _a455 لغز من الألغاز المسلية /
264 1 _aعمان :
_bدار الخليج للنشر،
_c2003.
300 _a77 ص
650 1 7 _aالألغاز
650 1 7 _aالأحاجي
942 _2ddc
_cBK
999 _c90679
_d90679